[Event "94th ARG-ch Superior 2019"]
[Site "Buenos Aires"]
[Date "2019.09.16"]
[Round "1.1"]
[White "Flores, Diego"]
[Black "Aguilar, Andres"]
[Result "1-0"]
[WhiteElo "2602"]
[BlackElo "2319"]
[Annotator "TA"]
[PlyCount "153"]
[EventDate "2019.09.16"]
[EventType "tourn"]
[EventCountry "ARG"]

{[%evp 22,153,0,0,14,30,15,15,22,9,14,-2,15,19,34,6,5,8,23,0,0,10,14,3,4,0,0,0,0,0,14,16,23,26,34,0,42,45,32,8,87,27,26,20,38,-14,-25,-31,17,8,20,-44,-15,-13,73,0,32,0,123,8,94,90,103,93,91,103,116,88,107,113,133,168,104,125,167,73,78,78,100,25,31,28,78,0,408,414,369,269,269,269,269,269,269,250,269,269,269,269,269,269,263,226,305,79,79,79,79,79,79,80,80,0,80,80,80,66,66,0,66,66,66,66,66,66,537,537,29978,29979,29979,29980,29980,29981,29981,29982]} 1. Nf3 Nf6 2. c4 g6 3. Nc3 Bg7 4. d4 O-O 5. e4 d6 6. Be2 c6 7. O-O e5 8. Be3 exd4 9. Bxd4 Re8 10. Qc2 Qe7 11. Rfe1 Nbd7 12. Rad1 b6 {E94: King's Indian: Classical: 6 Be2 e5 7 0-0: Various Black 7th moves} 13. Nd2 Bb7 14. Bf1 {[#]} (14. f4 Nd5 15. Nf3 Bxd4+ 16. Rxd4 Nxf4 17. Qd2 Nxe2+ 18. Rxe2 Rad8 19. Rxd6 Ne5 20. Rxd8 Rxd8 {½-½ (40) Inarkiev,E (2675)-Mamedov,R (2642) Moscow 2015}) 14... Rad8 $146 {The position is equal.} ({Predecessor:} 14... Nc5 15. f3 Rad8 16. Bf2 Nfd7 17. Nb3 Ne6 18. Nd4 {½-½ (88) Quintiliano Pinto,R (2403)-Perez Ponsa,F (2540) Buenos Aires 2015}) 15. h3 Nc5 16. Nf3 Ne6 ({Don't go for} 16... Nfxe4 $2 17. Bxg7 Kxg7 18. b4 $18) 17. Be3 Qc7 18. Qc1 Nc5 19. Bg5 Rd7 {[%cal Rf6e4]} 20. Qc2 Ne6 21. Bc1 h6 22. b4 Rdd8 23. Bb2 Nd7 24. Ne2 Ne5 25. Nfd4 Nxd4 26. Nxd4 c5 27. Nb5 {[%mdl 64] Double Attack} Qe7 28. f4 Nc6 29. Bxg7 Kxg7 30. a3 Kg8 (30... a6 $11 31. Qb2+ Kg8) 31. Qf2 (31. Qd3 $16) 31... a6 32. Nc3 {Black must now prevent Nd5.} Nd4 33. Rxd4 ({White should try} 33. Bd3 $14) 33... cxd4 $11 34. Qxd4 Qc7 (34... Qh4 $5 {[%cal Rh4e1]} 35. Qe3 Qf6 $15) 35. Re3 Rc8 36. Na4 (36. Rg3 $11) 36... b5 $15 37. cxb5 axb5 (37... Qc1 $11 {remains equal.} 38. Nb6 Rc7) 38. Nc3 Bc6 $1 39. Kh2 ({Don't play} 39. Bxb5 Bxb5 40. Nxb5 Qc1+ 41. Kh2 Qf1 $17) 39... Re6 (39... Rb8 $11 {keeps the balance.}) 40. Rg3 (40. Bxb5 $16 Bb7 41. a4) 40... Kh7 (40... Qe7 $1 $11) 41. Bxb5 $16 Bxb5 42. Nxb5 Qc4 43. Qa7 $1 {[%cal Ra7f7]} Rf6 44. Nc3 {Threatens to win with Nd5.} Rxf4 45. Nd5 Qxe4 46. Nxf4 Qxf4 {[%mdl 4096] Endgame KQR-KQR} 47. Qe3 Qc4 48. Rg4 (48. Rf3 $18) 48... Qb5 49. Rf4 $36 {[%mdl 2048] Keeping Black busy.} Rc7 50. Qd4 (50. Rf6 $16) 50... d5 $1 $11 51. Rf6 Qc4 52. Qe5 (52. Qf4 $16 Kg7 53. b5 $1 {[%mdl 512]}) 52... d4 $2 {[%mdl 8192]} (52... Rd7 $11 {and Black is okay.}) 53. Rd6 $18 Rc8 54. Qxd4 Qc7 {[#] And now ...Rd8 would win.} 55. Qf4 $1 Ra8 56. Rf6 Qxf4+ 57. Rxf4 Rxa3 58. Rxf7+ {KR-KR} Kg8 59. Rb7 Rb3 60. b5 h5 61. h4 Kf8 62. Kg1 $2 (62. b6 $18 {has better winning chances.}) 62... Rb2 $16 63. Kf1 Ke8 64. g3 Kf8 65. Ke1 Ke8 66. Kf1 Kf8 67. b6 Ke8 68. Kg1 Kd8 69. Kf1 Ke8 $1 70. Rb8+ Kd7 71. Kg1 Rb5 72. b7 {Strongly threatening Kg2.} Rb3 $2 {[%mdl 8192]} ({Black should play} 72... Rb2 $14) 73. Kg2 $18 Rb6 74. Rg8 {White mates.} Kc7 {[#]} 75. b8=Q+ $1 {[%mdl 512]} Rxb8 76. Rxb8 Kxb8 77. Kf3 {Accuracy: White = 52%, Black = 43%.} 1-0

[Event "94th ARG-ch Superior 2019"]
[Site "Buenos Aires"]
[Date "2019.09.16"]
[Round "1.2"]
[White "Acosta, Pablo Ismael"]
[Black "Valerga, Diego"]
[Result "0-1"]
[WhiteElo "2445"]
[BlackElo "2418"]
[Annotator "TA"]
[PlyCount "82"]
[EventDate "2019.09.16"]
[EventType "tourn"]
[EventCountry "ARG"]

{[%evp 14,82,10,3,10,-15,-2,-40,-40,-40,-36,-40,-35,-39,-26,-57,-26,-114,-125,-125,-110,-114,-104,-121,-98,-110,-92,-79,-80,-99,-70,-79,-78,-75,-33,-61,-79,-172,-168,-170,-177,-149,-157,-156,-160,-172,-177,-404,-403,-405,-395,-372,-347,-429,-429,-427,-422,-428,-414,-450,-438,-545,-535,-542,-533,-569,-555,-812,-531,-510,-488]} 1. c4 c6 2. Nf3 d5 3. b3 Nf6 4. Bb2 Bg4 5. e3 Nbd7 6. Be2 e6 7. h3 Bh5 8. Nc3 Bd6 {A12: English Opening: 1...c6 with b3 by White} 9. cxd5 (9. d3 h6 10. a3 O-O 11. g4 Bg6 12. Rg1 e5 13. h4 dxc4 14. dxc4 Nc5 15. g5 e4 16. Nd2 hxg5 17. hxg5 {1-0 (30) Hou,Y (2651)-Muzychuk,M (2546) Caleta 2017}) 9... exd5 10. g4 Bg6 {Black is slightly better.} 11. Nh4 $146 ({Predecessor:} 11. g5 Ne4 12. h4 h6 13. d3 Nxc3 14. Bxc3 hxg5 15. Nxg5 f6 16. Nf3 {0-1 (52) Zhao,X (2522)-Nguyen,T (2316) Baku 2016}) 11... Qe7 12. Nxg6 hxg6 13. Qc2 {[#]} d4 $1 {[%mdl 512]} 14. exd4 {[#]} Nxg4 $1 {[%mdl 576] Pin} 15. Rg1 (15. d5 $1 $11) (15. hxg4 Rxh1#) 15... Ngf6 16. O-O-O Kf8 ({Inferior is} 16... Rxh3 17. Rge1 $16) 17. Rde1 {Black must now prevent Bc4.} Re8 18. Qd1 Ba3 ({Worse is} 18... Rxh3 19. Bg4 $14) 19. Bg4 Bxb2+ 20. Kxb2 Qd6 21. Rxe8+ Kxe8 22. Qe2+ Kd8 23. Qc4 Rf8 (23... Qh2 $5 {[%cal Rh2g1]} 24. Rc1 Nxg4 25. hxg4 Qxf2 $17) 24. Qa4 a6 25. Rc1 (25. Rg3 $17 {was called for.}) 25... Nb6 $19 26. Qa3 Qxa3+ 27. Kxa3 Rh8 28. Re1 Nfd5 29. Ne4 {[#]} Re8 $1 {Threatens to win with ...f5.} 30. Bf3 $2 (30. Re2 {was forced.}) 30... f5 31. d3 fxe4 32. dxe4 Rf8 33. exd5 Rxf3 {[%mdl 64] Double Attack} 34. dxc6 bxc6 {[%mdl 4096] Endgame KRN-KR} 35. Rg1 Rf6 36. Kb4 Kc7 {Black is clearly winning.} 37. h4 Nd5+ 38. Ka5 Rxf2 {[%cal Rf2a2]} 39. a4 Rf5 40. b4 Kb7 41. b5 Nf4 {Accuracy: White = 48%, Black = 76%.} 0-1

[Event "94th ARG-ch Superior 2019"]
[Site "Buenos Aires"]
[Date "2019.09.16"]
[Round "1.3"]
[White "Scarella, Enrique Alejandro"]
[Black "Peralta, Fernando"]
[Result "0-1"]
[WhiteElo "2302"]
[BlackElo "2566"]
[Annotator "TA"]
[PlyCount "78"]
[EventDate "2019.09.16"]
[EventType "tourn"]
[EventCountry "ARG"]

{[%evp 18,78,6,0,0,0,0,-27,-8,-22,0,0,-3,-2,0,-31,-39,-31,-31,-47,-32,-44,-21,-37,-29,-43,-43,-44,-31,-31,-28,-147,-133,-115,-118,-134,-124,-172,-177,-268,-275,-291,-281,-342,-341,-341,-337,-327,-316,-315,-311,-437,-441,-443,-432,-622,-619,-581,-596,-653,-618,-726,-581]} 1. d4 Nf6 2. Nf3 e6 3. c4 b6 4. a3 Bb7 5. Nc3 d5 6. Bg5 Be7 7. e3 O-O 8. Bd3 Nbd7 9. O-O h6 10. Bh4 c5 {D58: Queen's Gambit Declined: Tartakower Defence} 11. Qe2 Ne4 $146 (11... cxd4 {keeps more tension.} 12. exd4 Rc8 13. Bg3 dxc4 14. Bxc4 Nh5) ({Predecessor:} 11... cxd4 12. exd4 Nh5 {½-½ (30) Gulko,B (2618)-Seirawan,Y (2653) Salt Lake City 1999}) 12. Bg3 Nxg3 {Black has an edge.} 13. hxg3 cxd4 14. exd4 dxc4 15. Bxc4 Nf6 16. Rac1 a6 17. Rfd1 b5 18. Ba2 Rc8 $36 {[%mdl 2048] Black has the initiative.} 19. Ne5 Rc7 20. Bb1 Qc8 21. Qd3 Rd8 22. Qe3 Bf8 23. Ne2 Ba8 24. Nf4 {[#]} (24. g4 $11 {remains equal.}) 24... Rxd4 $1 $17 {[%mdl 512]} 25. Re1 {aiming for Rxc7.} (25. Rxd4 Rxc1+) 25... Rxc1 26. Rxc1 Qd8 27. Re1 {Black must now prevent Nxf7!} Qd6 28. Nxf7 (28. Qc1 $142) 28... Kxf7 $19 29. Nxe6 Rd1 {[#] Strongly threatening ...Rxe1+.} 30. Nd8+ Kg8 31. Qb3+ Rd5 32. Ne6 {If only White now had time for Nf4....} Re5 33. Rxe5 Qxe5 34. Nf4+ (34. Nxf8+ $142 Kxf8 35. Qb4+ Kf7 36. Qd2) 34... Bd5 $1 {Black is clearly winning.} 35. Qd1 Bf7 36. Ng6 (36. Nd3 $142 Qd4 37. Bc2) 36... Qxb2 37. Nxf8 Kxf8 38. Qd6+ Kg8 {( -> ...Qc1+)} 39. Qd8+ Ne8 {Accuracy: White = 40%, Black = 72%.} 0-1

[Event "94th ARG-ch Superior 2019"]
[Site "Buenos Aires"]
[Date "2019.09.16"]
[Round "1.4"]
[White "Perez, Maximiliano"]
[Black "Dolezal, Cristian"]
[Result "1/2-1/2"]
[WhiteElo "2429"]
[BlackElo "2414"]
[Annotator "TA"]
[PlyCount "94"]
[EventDate "2019.09.16"]
[EventType "tourn"]
[EventCountry "ARG"]

{[%evp 11,94,11,8,-9,-10,-13,0,-1,7,7,16,17,17,12,68,52,116,103,108,112,117,94,102,80,93,92,101,99,100,93,110,75,75,65,104,110,120,118,117,106,106,106,117,57,57,57,60,57,106,106,113,29,29,0,0,0,0,0,6,0,6,0,6,6,6,0,6,6,6,0,6,0,6,0,6,6,6,6,6,6,6,0,6,0,6]} 1. e4 e6 2. d4 d5 3. Nd2 Nf6 4. e5 Nfd7 5. f4 c5 6. Ngf3 Nc6 7. Nb3 {C05: French Tarrasch: 3...Nf6 4 e5 Nfd7, 5 f4 and 5 Bd3 sidelines} c4 8. Nbd2 {[%cal Bb3d2,Bd2f1,Bf1e3][%mdl 32]} b5 (8... Qa5 9. c3 b5 10. Be2 b4 11. Nb1 Nb6 12. O-O Bd7 13. Kh1 Be7 14. Bd2 Rb8 15. cxb4 Nxb4 {1-0 (37) Mamedov,R (2659)-Wang,H (2729) Dubai 2014}) 9. Be2 Nb6 10. Nf1 h5 11. Ne3 g6 12. O-O Ne7 $146 (12... a5 $11) ({Predecessor:} 12... Bd7 13. Bd2 b4 14. c3 bxc3 15. bxc3 {1-0 (38) Ashiku,F (2284)-Nelis,J (2224) Tromsoe 2014}) 13. Bd2 Nf5 ({Better is} 13... Nc6 $14) 14. Nxf5 $16 exf5 15. Qe1 Be6 16. b3 Be7 17. Ng5 Kf8 18. Bb4 Kg7 19. Bxe7 Qxe7 20. Qa5 Qd7 21. a4 bxa4 22. bxa4 Rab8 23. Rfb1 Rb7 24. Rb4 Rhb8 25. Rab1 {[#] Strongly threatening Qa6.} Nc8 26. c3 Rb6 27. Rxb6 (27. Kf2 $16) 27... axb6 $14 28. Qb4 Ra8 29. Bd1 Ra5 30. h3 Qe8 {[#]} 31. Nxe6+ (31. Qb2 $1 $16) 31... fxe6 $11 32. h4 Kf7 {The position is equal.} 33. g3 Qe7 34. Kf2 Ke8 35. Ke3 Kd8 36. Kd2 Kc7 37. Qb2 Kb7 38. Qb4 {Black must now prevent Qxa5.} Ka7 39. Bc2 Qe8 40. Bd1 Qd8 41. Bc2 Ne7 42. Bd1 ({Reject} 42. Qd6 Qxd6 43. exd6 Nc6 $17) 42... Nc6 43. Qb2 Kb7 44. Bc2 Qc7 45. Qa3 Qe7 46. Qb2 Qc7 47. Qa3 Qe7 {Accuracy: White = 47%, Black = 44%.} 1/2-1/2

[Event "94th ARG-ch Superior 2019"]
[Site "Buenos Aires"]
[Date "2019.09.16"]
[Round "1.5"]
[White "Krysa, Leandro"]
[Black "Bitelmajer, Martin"]
[Result "1-0"]
[WhiteElo "2519"]
[BlackElo "2469"]
[Annotator "TA"]
[PlyCount "79"]
[EventDate "2019.09.16"]
[EventType "tourn"]
[EventCountry "ARG"]

{[%evp 16,79,8,0,21,9,13,24,19,8,11,6,6,9,2,6,13,10,11,0,45,47,37,43,55,56,40,58,57,33,64,48,65,52,95,60,144,143,138,136,160,142,247,252,213,210,225,226,199,182,1111,963,1076,1052,1035,1037,5305,5297,29973,29973,29969,29972,29971,29971,6270,5277]} 1. c4 c5 2. g3 ({Predecessor:} 2. Nf3 Nc6 3. g3 g6 4. Bg2 Bg7 {½-½ (39) Bakalchuk,J (2410)-Savchenko,B (2563) Budapest 2018}) 2... g6 3. Bg2 Bg7 4. Nc3 Nc6 5. Nf3 e6 6. d4 cxd4 7. Nb5 d5 8. cxd5 Qa5+ 9. Nd2 Qxb5 $146 {A37: Symmetrical English vs ...g6: 4 Bg2 Bg7 5 Nf3} (9... exd5 10. Nd6+ Kf8 11. O-O Nge7 12. Nb3 Qb6 13. Nxc8 Rxc8 14. e3 Bf6 15. exd4 Kg7 16. Be3 Rcd8 17. g4 {0-1 (47) Ding,L (2805)-So,W (2754) Abidjan 2019}) 10. dxc6 {Qb3 is the strong threat.} Ne7 11. a4 Qb6 {White has an edge.} 12. Nc4 Qb4+ 13. Bd2 Qxc4 14. cxb7 Bxb7 15. Bxb7 Rb8 16. Rc1 $36 {[%mdl 2048] White is pushing.} Qa2 17. Ba6 Qd5 {[%cal Rd5h1]} 18. O-O O-O $1 19. b4 Qd6 20. Bc4 Nd5 21. Bxd5 Qxd5 22. Qc2 Rfd8 23. Qc4 Qh5 24. Qd3 Rbc8 25. Qe4 h6 ({Black should try} 25... Qe5 $14 26. Qf3 Qd6) 26. Kg2 $1 $16 Bf8 27. b5 Rc5 {[#]} 28. Rxc5 $1 Qxc5 (28... Bxc5 $16 29. Rc1 Kg7) 29. Rc1 $18 Qe7 30. Rc4 e5 31. Bb4 Qe6 32. Rc6 Bd6 $2 (32... f5 33. Rxe6 fxe4) 33. Bxd6 Rxd6 34. Rxd6 Qxd6 {[%mdl 4096] Endgame [#] KQ-KQ} 35. a5 $1 ({Less strong is} 35. Qa8+ Kg7 $16) 35... Qb4 36. b6 Qxa5 37. Qa8+ {[%mdl 64] Double Attack} Kg7 38. b7 Qd5+ 39. Kg1 d3 40. b8=Q {Accuracy: White = 91%, Black = 23%.} 1-0

[Event "94th ARG-ch Superior 2019"]
[Site "Buenos Aires"]
[Date "2019.09.16"]
[Round "1.6"]
[White "Tristan, Leonardo"]
[Black "Pichot, Alan"]
[Result "0-1"]
[WhiteElo "2509"]
[BlackElo "2600"]
[Annotator "TA"]
[PlyCount "72"]
[EventDate "2019.09.16"]
[EventType "tourn"]
[EventCountry "ARG"]

{[%evp 11,72,10,15,0,0,0,0,-12,-9,-8,-2,-14,10,20,28,28,33,28,28,-14,66,66,108,88,68,53,60,64,89,88,110,113,293,290,340,336,331,335,325,317,309,292,464,474,462,445,864,861,869,856,852,852,855,852,921,783,718,81,129,0,162,-29990,-29991]} 1. d4 d5 2. c4 e6 3. Nc3 Be7 4. cxd5 exd5 5. Bf4 c6 6. e3 Bf5 7. Bd3 {D31: Queen's Gambit Declined: Semi-Slav without ...Nf6 (+ Marshall Gambit and Noteboom) and Exchange Variation lines without ...Nf6} (7. g4 Be6 8. h3 Nd7 9. Bd3 h5 10. gxh5 Ndf6 11. h6 Nxh6 12. Qc2 Qd7 13. Nf3 Bf5 14. Ne5 Bxd3 15. Nxd3 Nh5 16. Bh2 Qxh3 {½-½ (32) Radjabov,T (2757)-Giri,A (2783) Wijk aan Zee 2019}) 7... Bxd3 8. Qxd3 Nd7 9. h4 $146 {The position is equal.} ({Predecessor:} 9. Nf3 Ngf6 10. O-O O-O 11. h3 h6 12. Ne5 Nxe5 13. Bxe5 Re8 14. Rab1 Qb6 15. Rfc1 Rac8 16. a3 Red8 17. Na4 Qb5 18. Qxb5 cxb5 19. Bxf6 Rxc1+ 20. Rxc1 Bxf6 {½-½ (27) Sundsbo,S (1745)-Kvendseth,C (1940) Oslo 2016}) 9... Ngf6 10. h5 O-O 11. Nge2 a5 12. Ng3 a4 13. Nf5 a3 14. b3 Bb4 {Threatens to win with ...Ne4.} 15. f3 {[#]} c5 (15... Ne4 $1 $11 {[%mdl 512]} 16. fxe4 dxe4) 16. Kf2 $14 Rc8 {White should prevent ...cxd4.} 17. Ne2 cxd4 18. exd4 Re8 19. g4 {And now g5 would win.} h6 20. Rac1 Rxc1 21. Rxc1 Nf8 $2 (21... Re6 $16) 22. Qb5 $18 Ba5 23. Nd6 ({Don't do} 23. Qxb7 Qa8 $18) 23... Re6 24. Nxb7 {[%mdl 64] Double Attack} Nxg4+ 25. fxg4 Qh4+ 26. Bg3 Rf6+ (26... Qg5 $142) 27. Kg1 Qxg4 {White must now prevent ...Bd2.} 28. Nxa5 Ne6 (28... Rf3 $142 29. Qb8 Kh7) 29. Rc8+ Kh7 30. Qd3+ (30. Qe8 Qxh5 31. Qc6 Nxd4 $19) 30... g6 31. hxg6+ fxg6 32. Qe3 h5 33. Qe5 Qf3 34. Bh4 $2 (34. Kh2 $18 {has better winning chances.}) 34... g5 $16 {[#]} 35. Bg3 (35. Kh2 $1 $16 gxh4 36. Ng1 Qf4+ 37. Qxf4 Rxf4 38. Rc2) 35... h4 $2 (35... Ng7 $11 {and Black is okay.}) 36. Rc1 $4 {[%mdl 8192]} (36. Rh8+ $18 Kg6 37. Rxh4 gxh4 38. Bxh4 Qg4+ 39. Qg3 Qxg3+ 40. Bxg3) 36... h3 {Accuracy: White = 69%, Black = 35%.} 0-1

[Event "94th ARG-ch Superior 2019"]
[Site "Buenos Aires"]
[Date "2019.09.17"]
[Round "2.1"]
[White "Aguilar, Andres"]
[Black "Pichot, Alan"]
[Result "0-1"]
[WhiteElo "2319"]
[BlackElo "2600"]
[Annotator "TA"]
[PlyCount "68"]
[EventDate "2019.09.16"]
[EventType "tourn"]
[EventCountry "ARG"]

{[%evp 19,97,-8,0,-12,18,17,18,0,0,0,15,0,10,0,18,0,50,0,0,-29,-22,-34,-28,-29,-15,-15,-13,-24,-29,-112,-107,-111,-106,-123,-122,-175,-110,-389,-389,-387,-210,-383,-341,-381,-286,-269,-253,-273,-187,-168,-120,-143,-94,-111,-105,-96,-90,-75,-37,-39,-36,-45,-49,-66,0,0,0,0,0,-464,-460,-433,-418,-729,-503,-29980,-29980,-29997,-29998,-29999]} 1. c4 g6 2. Nf3 Bg7 3. g3 c5 4. Bg2 Nc6 5. Nc3 d6 6. O-O Rb8 7. d3 a6 8. a4 Nh6 9. Bd2 Nf5 10. Rb1 O-O 11. Ne1 {A37: Symmetrical English vs ...g6: 4 Bg2 Bg7 5 Nf3} Nfd4 $146 ({Predecessor:} 11... Bd7 12. Nc2 Nfd4 13. Nxd4 cxd4 14. Nd5 b5 15. axb5 axb5 16. b3 e6 17. Nb4 Qb6 18. cxb5 Na7 {0-1 (43) Belezky,A (2397)-Zeller,F (2397) Germany 2017}) 12. e3 Ne6 13. f4 {The position is equal.} Nc7 14. Nc2 Bf5 15. Qe2 Qd7 16. b4 Bg4 17. Qf2 b5 (17... cxb4 {looks sharper.} 18. Nxb4 Ne6 19. Ncd5 Nc5 20. Nb6 Qe8) 18. axb5 axb5 19. cxb5 Nxb5 20. Nxb5 Rxb5 21. bxc5 Rxb1 22. Rxb1 dxc5 23. Rb6 Rc8 ({Avoid the trap} 23... Qxd3 $2 24. Ne1 $18) 24. Bxc6 (24. Ne1 $11 {keeps the balance.}) 24... Rxc6 $17 25. Rxc6 Qxc6 26. Ne1 Qa4 27. Bc1 (27. Qg2 $17 {keeps fighting.}) 27... Qb4 ({Better is} 27... Bc3 $1 $19 {Strongly threatening ...Qd1!} 28. Qc2 Qxc2 29. Nxc2 Be2) 28. Kg2 $2 {[%mdl 8192] [#]} (28. Bd2 $17 Qb1 29. Ba5) 28... Bc3 $1 $19 29. Nc2 Qb5 (29... Qb1 $142 30. Ba3 {[#]} c4 $1 {[%mdl 512]} 31. dxc4 Qb7+ 32. e4 Qxe4+ {[%mdl 64] Double Attack} 33. Kg1 Bd7) 30. Qf1 $2 {[#]} (30. h3 Bd7 31. Ne1) 30... c4 $1 {[%mdl 512]} 31. h3 (31. dxc4 Qf5) 31... Bc8 32. dxc4 Qf5 {[%mdl 64] Double Attack} 33. Ne1 Bb7+ 34. Kh2 Qe4 {Played: Qf5-b1} 0-1

[Event "94th ARG-ch Superior 2019"]
[Site "Buenos Aires"]
[Date "2019.09.17"]
[Round "2.2"]
[White "Bitelmajer, Martin"]
[Black "Tristan, Leonardo"]
[Result "0-1"]
[WhiteElo "2469"]
[BlackElo "2509"]
[Annotator "TA"]
[PlyCount "58"]
[EventDate "2019.09.16"]
[EventType "tourn"]
[EventCountry "ARG"]

{[%evp 19,58,0,0,0,16,-12,-10,-13,-20,-20,-15,-38,-44,-10,-20,-19,-17,-51,-28,-42,-36,-35,-27,-45,0,-132,-84,-120,-102,-635,-619,-1141,-1151,-12465,-5718,-29989,-29990,-29992,-29980,-29980,-29981]} 1. d4 Nf6 2. c4 e6 3. g3 d5 4. Nf3 Be7 5. Bg2 O-O 6. O-O dxc4 7. Ne5 Nc6 8. Nxc6 bxc6 9. Na3 Bxa3 10. bxa3 Ba6 11. Qd2 {E05: Open Catalan: 5 Nf3 Be7} Rb8 12. Qa5 Qc8 13. a4 {The position is equal.} Rd8 14. Ba3 Rxd4 15. Rfb1 Rxb1+ 16. Rxb1 {[#] Hoping for Qxa6!} h6 17. Bc5 Rd5 {[#]} 18. Bxd5 $146 ({Predecessor:} 18. e4 Rd3 {0-1 (31) Nisipeanu,L (2674)-Huschenbeth,N (2586) Austria 2019}) 18... cxd5 19. Bxa7 {Threatens to win with Rb8.} Nd7 $1 20. Bc5 $1 e5 21. e3 Kh7 22. f3 (22. Rb2 $1 $11) 22... Nxc5 $17 23. Qxc5 {[%mdl 4096] Endgame KQR-KQB} Qf5 $1 {[%csl LRb1,LRf3][%mdl 64] Double Attack} 24. Rf1 $2 {[%mdl 8192] [#]} (24. e4 $17 Qxf3 25. exd5) 24... Qd3 $1 $19 25. Rf2 c3 26. Qxc7 Bc4 {( -> ...c2)} 27. h4 c2 {Black mates.} 28. Rxc2 Qxc2 29. Qxe5 Qd1+ {[%mdl 64] Double Attack. Accuracy: White = 30%, Black = 100%.} 0-1

[Event "94th ARG-ch Superior 2019"]
[Site "Buenos Aires"]
[Date "2019.09.17"]
[Round "2.3"]
[White "Dolezal, Cristian"]
[Black "Krysa, Leandro"]
[Result "1/2-1/2"]
[WhiteElo "2414"]
[BlackElo "2519"]
[Annotator "TA"]
[PlyCount "60"]
[EventDate "2019.09.16"]
[EventType "tourn"]
[EventCountry "ARG"]

{[%evp 9,60,0,0,0,0,0,0,0,0,0,0,0,0,0,12,0,0,0,10,0,0,-2,11,9,16,16,16,6,28,15,11,12,20,15,34,11,14,5,7,7,9,10,2,0,0,0,2,0,4,6,6,0,40]} 1. d4 d5 2. Bf4 Nf6 3. e3 e6 4. Nd2 Bd6 5. Bxd6 (5. Bg3 O-O 6. Ngf3 b6 7. c3 c5 8. Bd3 Ba6 9. Bxa6 Nxa6 10. O-O Bxg3 11. hxg3 Qc7 12. Qe2 Nb8 13. e4 dxe4 14. Nxe4 Nbd7 {1-0 (55) Duda,J (2738)-Giri,A (2783) St Petersburg 2018}) 5... Qxd6 6. c4 {D00: 1 d4 d5: Unusual lines} b6 7. Ngf3 O-O 8. Be2 Bb7 9. O-O Nbd7 10. Qb3 $146 ({Predecessor:} 10. cxd5 exd5 11. Rc1 Ne4 12. Ne1 Rfe8 13. Nd3 Re7 14. Nb1 {½-½ (27) Nimptsch,N (1491)-Hartmann,J (2176) Berlin 2018}) 10... c5 11. Rfd1 cxd4 12. Nxd4 Rfc8 13. Nb5 Qe7 14. Qa3 Qxa3 15. Nxa3 Kf8 16. cxd5 Bxd5 {[#]} 17. e4 $1 {[%mdl 512]} Bb7 (17... Bxe4 18. Nxe4) 18. f3 Ke7 19. Kf2 Ne5 20. Ndc4 Nxc4 21. Nxc4 Rd8 22. Ne3 g5 {The position is equal.} 23. Rac1 {[#] aiming for Rc7+.} Rxd1 24. Bxd1 {Threatens to win with Rc7+.} Rc8 25. Rxc8 Bxc8 $11 {KBN-KBN} 26. Nc4 Nd7 27. Be2 f6 28. b4 Bb7 29. a3 Bc6 30. Ke1 Ne5 {Accuracy: White = 71%, Black = 54%.} 1/2-1/2

[Event "94th ARG-ch Superior 2019"]
[Site "Buenos Aires"]
[Date "2019.09.17"]
[Round "2.4"]
[White "Peralta, Fernando"]
[Black "Perez, Maximiliano"]
[Result "1-0"]
[WhiteElo "2566"]
[BlackElo "2429"]
[Annotator "TA"]
[PlyCount "111"]
[EventDate "2019.09.16"]
[EventType "tourn"]
[EventCountry "ARG"]

{[%evp 16,111,28,39,28,0,11,-11,59,0,0,0,0,0,0,0,38,71,64,56,50,55,49,27,76,49,55,62,65,38,129,136,136,135,131,132,157,105,107,106,129,83,141,79,82,81,83,83,83,83,83,83,89,66,87,71,89,87,98,36,32,0,100,100,97,84,104,94,160,152,176,144,225,170,168,156,166,0,229,222,218,178,202,0,190,191,240,240,240,234,411,411,456,456,448,448,448,411]} 1. d4 Nf6 2. c4 e6 3. Nc3 Bb4 4. e3 b6 5. Bd3 Bb7 6. Nf3 O-O 7. O-O c5 8. Na4 cxd4 9. exd4 Bd6 {E43: Nimzo-Indian: Rubinstein: 4...b6} (9... Re8 10. a3 Bf8 11. b4 a5 12. b5 d6 13. Bg5 Nbd7 14. Re1 h6 15. Bh4 Rc8 16. Nd2 d5 17. Bf1 Be7 18. Bg3 dxc4 19. Nxc4 {0-1 (82) Li,C (2699)-Donchenko,A (2593) chess.com INT 2019}) 10. Nc3 Nc6 11. Bg5 Be7 (11... h6 $11 12. Bxf6 Qxf6) 12. Re1 (12. d5 $14 Na5 13. Qd2) 12... d5 $11 13. Bxf6 Bxf6 14. cxd5 exd5 15. Ne5 $146 ({Predecessor:} 15. Qd2 Nb4 16. Bb1 Rc8 17. Bf5 Rc7 18. Nb5 Rc6 19. Qxb4 a6 20. Na3 a5 21. Qb3 Qc7 22. Ne5 Bxe5 23. dxe5 g6 24. Nb5 gxf5 25. Nxc7 {1-0 (23) Holtorf,P-Neumann,F GER email 2008}) 15... Nxe5 16. dxe5 Be7 17. Qg4 Bc8 18. Qf4 Be6 19. Rad1 Qc8 20. Nb5 a6 21. Nd4 $40 {[%mdl 128] White has some attack.} Bc5 22. Nf5 {And now b4 would win.} f6 (22... g6 $14) 23. b4 $1 $16 {[%cal Rb4c5]} fxe5 24. Rxe5 ({But not} 24. bxc5 $6 Bxf5 25. Qxe5 Bxd3 $11) 24... Bxb4 {[#]} 25. Nh6+ $1 {[%mdl 512]} gxh6 26. Qxh6 (26. Qxb4 $142 Qc6 27. Qh4) 26... Ra7 {Strongly threatening ...Re7.} 27. Rxe6 Bc5 28. Rf6 Rg7 (28... Rxf6 $142 29. Qxf6 Rf7 30. Qg5+ Kf8) 29. Be2 (29. Bf5 $142 $1 {[%cal Rf5c8]} Qd8 30. Rxf8+ Bxf8 31. Qc6) 29... Rxf6 30. Qxf6 Qf8 31. Qxf8+ Kxf8 32. Rxd5 {[%mdl 4096] Endgame KRB-KRB} Rf7 33. Bf3 Ke7 34. Rh5 Kf8 35. Kf1 Re7 36. g3 Rf7 {[#]} 37. Ke2 (37. Kg2 $1 $16) 37... Re7+ $14 38. Kf1 (38. Kd3 $14) 38... Rf7 $16 {[#]} 39. Kg2 $1 Kg7 40. Rd5 Re7 41. h4 Rc7 (41... h6 $142) 42. Be4 h6 43. f4 b5 (43... Be7 $16 44. h5 b5) 44. Kf3 Be7 45. Re5 Bf6 46. Rd5 $2 ({White should play} 46. Re6 $18) 46... b4 $2 (46... Be7 $1 $11 {and Black stays safe.}) 47. Kg4 $18 Be7 48. Re5 Bf6 49. Rd5 Be7 $1 50. Ra5 Rc3 51. Rxa6 h5+ 52. Kh3 b3 $2 (52... Rc4) 53. axb3 Rxb3 54. Rg6+ {White is clearly winning.} Kf7 55. Rh6 Rb5 56. Bf3 {Accuracy: White = 56%, Black = 33%.} 1-0